| 000 | 00773nam a22002297a 4500 | ||
|---|---|---|---|
| 003 | NALT | ||
| 005 | 20221004135734.0 | ||
| 008 | s2543 th f tha d | ||
| 020 | _a9747543737 | ||
| 040 | _aNALT | ||
| 041 | _atha | ||
| 050 | _a | ||
| 090 |
_aFIC _bม962บ 2543 |
||
| 100 | 0 |
_aไม้ เมืองเดิม _97982 |
|
| 245 | 1 | 0 |
_aบ้านนอกเข้ากรุง / _cไม้ เมืองเดิม. |
| 260 |
_aกรุงเทพฯ : _bไพลินสีน้ำเงิน, _c2543. |
||
| 300 |
_a159 หน้า ; _b _c18 ซม. |
||
| 650 | 4 |
_aนวนิยาย _93785 |
|
| 850 | _aNALT | ||
| 942 |
_cFIC _2local |
||
| 998 |
_bชวนพิชญ์ รัตนาไพบูลย์ _aphon _cphon _j104 _k นางสาวสายฝน ดีงาม |
||
| 999 |
_c70640 _d70640 |
||